000
00318nam a2200133Ia 4500
008
150301s2014 xx 000 0 und d
082
_a
612.3
_b
N14F
100
_a
FEATURING
245
_a
NUTRITION AND DIET THERAPY
260
_b
JAYPEE MEDICAL PUB.
_c
2014
300
_a
724
650
_a
NUTRITION
942
_2
ddc
_c
BK
_0
2
999
_c
6838
_d
6838